Chestnut in Tennessee, (Record no. 25111)
[ view plain ]
| 000 -LEADER | |
|---|---|
| fixed length control field | 00851cam a22002171 4500 |
| 001 - CONTROL NUMBER | |
| control field | gs 12000050 |
| 003 - CONTROL NUMBER IDENTIFIER | |
| control field | DLC |
| 005 - DATE AND TIME OF LATEST TRANSACTION | |
| control field | 20260227111312.0 |
| 008 - FIXED-LENGTH DATA ELEMENTS--GENERAL INFORMATION | |
| fixed length control field | 800207s1911 tnu s000 0 eng c |
| 010 ## - LIBRARY OF CONGRESS CONTROL NUMBER | |
| LC control number | gs 12000050 |
| 035 ## - SYSTEM CONTROL NUMBER | |
| System control number | (OCoLC)5962489 |
| 040 ## - CATALOGING SOURCE | |
| Original cataloging agency | U.S. Geological Survey |
| Transcribing agency | MnNC |
| Modifying agency | DLC |
| 050 00 - LIBRARY OF CONGRESS CALL NUMBER | |
| Classification number | SD397.C5 |
| Item number | A6 |
| 100 1# - MAIN ENTRY--PERSONAL NAME | |
| Personal name | Ashe, W. W. |
| Fuller form of name | (William Willard), |
| Dates associated with a name | 1872-1932. |
| 245 10 - TITLE STATEMENT | |
| Title | Chestnut in Tennessee, |
| Statement of responsibility, etc. | by W. W. Ashe, forest assistant, Forest service. |
| 260 ## - PUBLICATION, DISTRIBUTION, ETC. | |
| Place of publication, distribution, etc. | Nashville, Tenn., |
| Name of publisher, distributor, etc. | Baird-Ward printing co., |
| Date of publication, distribution, etc. | 1911. |
| 300 ## - PHYSICAL DESCRIPTION | |
| Extent | 35 p. |
| Dimensions | 23 cm. |
| 500 ## - GENERAL NOTE | |
| General note | At head of title:...State of Tennessee. State geological survey...in cooperation with the Forest service, U.S. Department of agriculture. |
| 500 ## - GENERAL NOTE | |
| General note | Extract (B) from Bulletin no.10 [Tennessee. Geological survey] Forest studies in Tennessee. |
| 650 #0 - SUBJECT ADDED ENTRY--TOPICAL TERM | |
| Topical term or geographic name entry element | Chestnut. |
No items available.